Missing Word: Harry Potter Chapter Endings A-Z Quiz Stats

 Plays Quiz Updated Oct 3, 2019

Score 0/22 Timer 03:00
2 Plays Today
Chapter Word % Correct
Diagon ____Alley
98.2%
The Leaky ____Cauldron
94.1%
The Journey from Platform Nine and Three-____Quarters
90.5%
The Polyjuice ____Potion
89.9%
Gryffindor Versus ____Ravenclaw
89.3%
Xenophilius ____Lovegood
85.4%
Professor ____Umbridge
85.4%
The Death ____Eaters
85.1%
The Unbreakable ____Vow
84.8%
Horace ____Slughorn
84.6%
The Keeper of the ____Keys
83.6%
Chapter Word % Correct
The Hungarian ____Horntail
76.9%
Flesh, Blood and ____Bone
76.3%
The Hogwarts High ____Inquisitor
71.6%
The Boggart in the ____Wardrobe
71.3%
The Only One He Ever ____Feared
68.1%
Letters from __ ____No One
64.4%
Aunt Marge's Big ____Mistake
56.9%
The Lightning-Struck _____Tower
56.1%
A Peck of ____Owls
52.5%
The Silver ____Doe
47.4%
The Vanishing ____Glass
41.8%

Today's Daily Dose

Missing Word
Celine Dion

Word Ladder
Dr. Seuss Books

Quick Pick
Cities in India

Get the Picture
'A' Actresses

You're not logged in!

Compare scores with friends on all Sporcle quizzes.
OR
Log In

Sporcle TV

Today on Sporcle TV


Watch our educational content, quiz creation guides, and fun videos on Sporcle TV.

Show Comments

Extras

Top Quizzes Today


Score Distribution

Your Account Isn't Verified!

In order to create a playlist on Sporcle, you need to verify the email address you used during registration. Go to your Sporcle Settings to finish the process.

Report this User

Report this user for behavior that violates our Community Guidelines.

Details: